00810nam a22002417a 45000010005000000030006000050050017000110080041000280200018000690400029000870500016001160820012001321000023001442450069001672600039002363000064002754900029003395050010003685200104003785210032004825210022005146500032005369375FISKH20251216120641.0251216b cb ||||| |||| 00| 0 eng d a9780545565424 aFISKHbengcFISKHdFISKH aQL105 .C358 a591.998 aCanizares , Susan  aWho lives in the Arctic ? /cBy Susan Canizares . Pamela Chanko  aNew York : bScholastic , c2013.  a16 unnumbered pages : bcolor illustrations ; c18 x 21 cm. aScience emergent readers aB  aPhotographs and simple text explore the variety of animals that have adapted to life in the Arctic.8 a130 bLexile estimate 8 aB bRaz-Plus  aArctic animalsvNon-fiction